Hallyu consumption in Central and Eastern Europe Attributes, preferences and consumer behaviour of Korean culture fans in Central and Eastern Europe

Bibliográfiai részletek
Szerzők: Gajzágó Éva Judit
Dávida Viktória Ramóna
Trang Nguyen Thanh Thuy
Dokumentumtípus: Könyv része
Megjelent: Budapesti Gazdaságtudományi Egyetem Budapest 2025
Sorozat:Szemelvények a BGE kutatásaiból 2024
Tárgyszavak:
doi:10.29180/978-615-6886-21-7_5

Kulcsszavak:Hallyu
Korean culture
fandom
consumer preferences and behaviour
Online Access:http://publikaciotar.uni-bge.hu/2568

MARC

LEADER 00000naa a2200000 i 4500
001 publ2568
005 20251125123304.0
008 251125s2025 hu o 000 zxx d
020 |a 978-615-6886-21-7 
024 |a 10.29180/978-615-6886-21-7_5  |2 doi 
040 |a BGE Publikációtár Repozitórium  |b hun 
100 1 |a Gajzágó Éva Judit 
245 1 0 |a Hallyu consumption in Central and Eastern Europe  |b Attributes, preferences and consumer behaviour of Korean culture fans in Central and Eastern Europe  |c Gajzágó Éva Judit  |h [elektronikus dokumentum] 
260 |a Budapesti Gazdaságtudományi Egyetem  |b Budapest  |c 2025 
300 |a 42-50 
490 0 |a Szemelvények a BGE kutatásaiból 2024 
650 4 |a regionális tudományok 
695 |a Hallyu 
695 |a Korean culture 
695 |a fandom 
695 |a consumer preferences and behaviour 
700 1 |a Dávida Viktória Ramóna  |e aut 
700 1 |a Trang Nguyen Thanh Thuy  |e aut 
856 4 0 |u https://publikaciotar.uni-bge.hu/id/eprint/2568/1/BGE%20Szemelv%C3%A9nyek%202024%20III.%20k%C3%B6tet_5.pdf  |z Dokumentum-elérés